000 01315nam0a2200361 4500
001 RU\NLR\bibl\1123452
005 20250615065429.0
010 _a5-17-015519-0
_bАСТ
010 _a966-596-956-0
_bСталкер
_95000
035 _a(NLR Aleph) 001110406
090 _a1234495
_c1234495
100 _a20070904d2004 |||y0rusy50 ca
101 0 _arus
102 _aRU
_aUA
105 _aa |||||||||
200 1 _aБританская короткошерстная кошка
_fВ.А. Савенкова
210 _aМосква
_cАСТ
_aДонецк
_cСталкер
_d2004
215 _a45,[2] с.
_cил.
_d20
225 1 _aВ вашем доме
300 _aНа обл. авт. не указан
606 1 _aБританские короткошерстные кошки
_jПопулярные издания
_92248499
_3RU\NLR\auth\661348844
610 0 _aКошки
675 _a636.8
_v3
_zrus
686 _a68.39
_2rugasnti
686 _a46.74
_2rubbk
686 _aП674.39британская короткошерстная я9
700 1 _aСавенкова
_bВ. А.
_gВиктория Александровна
_4070
801 0 _aRU
_bRKP
_c20021110
_gPSBO
801 1 _aRU
_bRKP
_c20021110
801 2 _aRU
_bNLR
_c20070928
_grcr
942 _cBOOK
980 _aNB